[Event "Challenge"]
[Site "http://www.queenalice.com/game.php?id=454613"]
[Date "2008.8.28"]
[Round "-"]
[White "drpehrson"]
[Black "fagoncalves"]
[Result "0-1"]
[WhiteElo "1761"]
[BlackElo "1456"]

1. c4 Nf6 2. Nc3 g6 3. e3 Bg7 4. g3 c6 5. Bg2 O-O 6. Nh3 d5 7. cxd5 Nxd5 8. a3
Nxc3 9. bxc3 e5 10. O-O f5 11. Rb1 e4 12. f3 Qd3 13. Bb2 Nd7 14. Nf4 Qd6 15.
fxe4 fxe4 16. Bxe4 Nf6 17. Qb3+ Kh8 18. Bd3 Bh3 19. Rf2 Ng4 20. Re2 Be5 21. c4
Bxb2 22. Rxb2 Ne5 23. Qc3 Qf6 24. Rf2 Bf5 25. Bxf5 Qxf5 26. d4 Ng4 27. d5+ Kg8
28. Rf3 Rfe8 29. h3 Ne5 30. Rf1 Rac8 31. Rxb7 cxd5 32. Nxd5 Nf3+ 33. Kg2 Nh4+
34. Kg1 Nf3+ 35. Kh1 Qxh3# 0-1

[Event "Challenge"]
[Site "http://www.queenalice.com/game.php?id=454736"]
[Date "2008.8.28"]
[Round "-"]
[White "drpehrson"]
[Black "Marcelo_Araujo"]
[Result "0-1"]
[WhiteElo "1702"]
[BlackElo "1752"]

1. c4 Nf6 2. Nc3 g6 3. e3 Bg7 4. g3 O-O 5. Bg2 c6 6. Nh3 d6 7. O-O Be6 8. d3 Qd7
9. Ng5 h6 10. Nxe6 Qxe6 11. a3 Nfd7 12. d4 Nb6 13. b3 N8d7 14. Ra2 Rab8 15. Rd2
Nf6 16. d5 cxd5 17. cxd5 Qc8 18. Na4 Nxa4 19. bxa4 b6 20. Rc2 Qb7 21. Bb2 Rbc8
22. Rc6 Rc7 23. e4 Nd7 24. Bxg7 Kxg7 25. f4 Rxc6 26. dxc6 Qxc6 27. Qd4+ Kh7 28.
e5 Qc7 29. exd6 Qxd6 30. Qxd6 exd6 31. Rd1 Nc5 32. Bc6 Rd8 33. Rd4 Kg7 34. h4 f5
35. Kg2 Kf6 36. Kf3 h5 37. Rd2 Nb3 38. Rd3 Na5 39. Bb5 Nb7 40. Ke3 Nc5 41. Rd5
Ne4 42. Bc6 Nxg3 43. Bb5 Ne4 44. Kd3 Nf2+ 45. Ke2 Ne4 46. Kd3 Ke6 47. Kd4 Nd2
48. Ke3 Nb1 49. Rd3 Rc8 50. Kd4 d5 51. Re3+ Kd6 52. Rb3 Rc1 53. Be8 Nd2 54. Rc3
Rh1 0-1

[Event "Challenge"]
[Site "http://www.queenalice.com/game.php?id=456987"]
[Date "2008.9.1"]
[Round "-"]
[White "Mike36bh"]
[Black "drpehrson"]
[Result "1-0"]
[WhiteElo "1767"]
[BlackElo "1735"]

1. d4 g6 2. e4 Bg7 3. Nf3 b6 4. Nc3 Bb7 5. Bd3 Nh6 6. h3 O-O 7. Be3 c5 8. O-O f5
9. exf5 Nxf5 10. Bxf5 Rxf5 11. d5 d6 12. Ng5 Na6 13. Ne6 Qe8 14. a3 Rc8 15. Nxg7
Kxg7 16. b4 1-0

[Event "AUTO-INT-928"]
[Site "http://www.queenalice.com/game.php?id=496808"]
[Date "2008.11.22"]
[Round "2"]
[White "drpehrson"]
[Black "THEJEGUE"]
[Result "1-0"]
[WhiteElo "1719"]
[BlackElo "1737"]

1. c4 e5 2. Nc3 c6 3. d4 f6 4. dxe5 fxe5 5. g3 Bb4 6. Bd2 Nf6 7. a3 Be7 8. h3 h6
9. Bg2 O-O 10. Qc2 b6 11. Qg6 Qe8 12. Qxe8 Nxe8 13. e3 a5 14. Nf3 Bd6 15. Ne4
Bc7 16. O-O d5 17. cxd5 cxd5 18. Nc3 e4 19. Nd4 Be6 20. Nxe6 Rf5 21. Nxc7 Nxc7
22. Rac1 Nba6 23. Ne2 Nc5 24. Nd4 Rf6 25. f3 exf3 26. Bxf3 Nd3 27. Rxc7 Nxb2 28.
Bxd5+ Kh8 29. Rxf6 gxf6 30. Nb5 Rd8 31. e4 h5 32. Bc3 Rxd5 33. Nd4 Rg5 34. Bxb2
Rxg3+ 35. Kh2 Rd3 36. Nf5 Rd2+ 37. Kg3 Rxb2 38. Rf7 Rb3+ 39. Kh4 Rxa3 40. Rxf6
Ra4 41. Re6 Rc4 42. Kxh5 Kg8 43. Nd6 Rc6 44. Kg5 a4 45. Rf6 a3 46. e5 a2 47. Rf1
Rc2 48. Ra1 Rg2+ 49. Kf4 Kf8 50. h4 Rf2+ 51. Ke3 Rh2 52. Nf5 b5 53. Kd3 b4 54.
Kc4 Rf2 55. Nd4 Rb2 56. h5 Rh2 57. Kxb4 Kg7 58. e6 Kf6 59. h6 Rxh6 60. Rxa2 Ke5
61. Kc5 Rxe6 62. Re2+ Kf6 63. Rxe6+ 1-0

[Event "AUTO-INT-928"]
[Site "http://www.queenalice.com/game.php?id=496809"]
[Date "2008.11.22"]
[Round "2"]
[White "THEJEGUE"]
[Black "drpehrson"]
[Result "0-1"]
[WhiteElo "1783"]
[BlackElo "1678"]

1. e4 c5 2. d4 cxd4 3. Qxd4 Nc6 4. Qd2 a6 5. c3 g6 6. f4 Bg7 7. Bc4 e6 8. g3 Nh6
9. h3 O-O 10. Bd3 d6 11. g4 f5 12. g5 Nf7 13. h4 e5 14. exf5 Bxf5 15. Qc2 Bxd3
16. Qxd3 exf4 17. Bxf4 Re8+ 18. Ne2 b5 19. h5 Nce5 20. Qd5 Kh8 21. Bxe5 Rxe5 22.
Qb7 Nxg5 23. hxg6 h6 24. Nd2 Qe8 25. Qg2 Ra7 26. Rh2 Rae7 27. Nf3 Rxe2+ 28. Qxe2
Rxe2+ 29. Rxe2 Qxg6 30. Nxg5 Qxg5 31. Rd1 Qg3+ 32. Kf1 Bf6 33. Rg2 Qf3+ 34. Ke1
Qxg2 35. Rd2 Qe4+ 36. Re2 Bh4+ 37. Kd1 Qb1+ 38. Kd2 Bg5+ 39. Re3 Qxb2+ 40. Kd3
Bxe3 41. Kxe3 Qxc3+ 42. Ke4 h5 43. Kd5 Qe5+ 44. Kc6 d5 45. Kb6 Qd6+ 46. Ka5 d4
47. a4 bxa4 48. Kxa4 d3 49. Ka5 d2 50. Ka4 d1=Q+ 0-1

[Event "AUTO-INT-922"]
[Site "http://www.queenalice.com/game.php?id=522407"]
[Date "2009.1.14"]
[Round "2"]
[White "drpehrson"]
[Black "diego_flavio14"]
[Result "0-1"]
[WhiteElo "1736"]
[BlackElo "1749"]

1. c4 Nf6 2. Nc3 e5 3. e3 b6 4. g3 Bb7 5. f3 Be7 6. Bg2 d5 7. cxd5 Nxd5 8. Nh3
O-O 9. a3 Na6 10. O-O Nxc3 11. bxc3 Nc5 12. d4 exd4 13. cxd4 Ne6 14. Ra2 h6 15.
Nf2 Bd5 16. Re2 Bc4 17. Nd3 c5 18. Bb2 cxd4 19. f4 Rc8 20. exd4 Nxd4 21. Re4 Bf6
22. Bc3 Bb3 23. Qd2 Ne2+ 24. Rxe2 Rxc3 25. Be4 Rc2 26. Qd1 Qd4+ 27. Kh1 Rxe2 28.
Qxe2 Bd5 29. Bxd5 Qxd5+ 30. Rf3 Rd8 31. Kg2 Rc8 32. Nf2 Rc3 33. Ng4 Rxa3 34.
Nxf6+ gxf6 35. Kf2 Ra2 36. Qxa2 Qxa2+ 37. Ke3 f5 38. Rf2 Qc4 39. Rd2 Qe4+ 40.
Kf2 a5 41. Re2 Qd4+ 42. Kg2 Qd3 43. Kf2 b5 44. Re3 Qd2+ 45. Re2 Qd4+ 46. Re3 b4
47. h3 b3 48. Kf3 Qxe3+ 49. Kxe3 b2 50. g4 fxg4 51. hxg4 b1=Q 0-1

[Event "AUTO-INT-922"]
[Site "http://www.queenalice.com/game.php?id=522412"]
[Date "2009.1.14"]
[Round "2"]
[White "drpehrson"]
[Black "davi21"]
[Result "0-1"]
[WhiteElo "1690"]
[BlackElo "1795"]

1. c4 e5 2. Nc3 Nc6 3. e3 Bc5 4. a3 a5 5. g3 d6 6. Bg2 Bd7 7. Nh3 Qc8 8. Ng5 f6
9. Nge4 Nge7 10. d3 h5 11. O-O Bh3 12. Nxc5 dxc5 13. Nb5 Kd8 14. f4 h4 15. fxe5
hxg3 16. hxg3 Bxg2 17. Kxg2 Qh3+ 18. Kf2 Qh2+ 19. Ke1 Qxg3+ 20. Kd2 Rh2+ 21. Kc3
Qxe5+ 22. Kb3 a4+ 23. Ka2 Nb4+ 24. axb4 cxb4 25. Kb1 a3 26. d4 Qe4+ 27. Ka2
axb2+ 28. Kb3 bxa1=Q 29. Kxb4 Qa5+ 30. Kc5 b6# 0-1

[Event "AUTO-INT-922"]
[Site "http://www.queenalice.com/game.php?id=522413"]
[Date "2009.1.14"]
[Round "2"]
[White "davi21"]
[Black "drpehrson"]
[Result "0-1"]
[WhiteElo "1831"]
[BlackElo "1698"]

1. d4 g6 2. Nf3 d6 3. h3 Bg7 4. Nc3 c6 5. Bf4 e6 6. e3 Nh6 7. e4 f5 8. e5 dxe5
9. Nxe5 O-O 10. Qd2 Nf7 11. h4 Nd7 12. Nxf7 Rxf7 13. Bc4 Nb6 14. Bb3 Nd5 15. Be5
Bxe5 16. dxe5 Rd7 17. a3 b5 18. Ne2 a5 19. Nf4 Nxf4 20. Qxf4 Rd4 21. Qg3 Re4+
22. Kf1 a4 23. h5 Rg4 24. Qf3 Bd7 25. Bxe6+ Bxe6 26. Qxc6 Bd7 27. Qd5+ Kg7 28.
hxg6 hxg6 29. e6 Be8 30. Qe5+ Qf6 31. Qc7+ Kg8 32. Qh7+ Kf8 33. e7+ Qxe7 34.
Qh8+ Kf7 35. Rh7+ Ke6 36. Re1+ Re4 37. Rxe7+ Kxe7 38. Rd1 Rd8 39. Rc1 Bf7 40.
Qh3 Rdd4 41. c3 Rh4 42. Re1+ Kf6 43. Qg3 Rh1+ 44. Ke2 Re4+ 45. Kf3 Rhxe1 46. Qb8
Re5 47. Kf4 R5e4+ 48. Kf3 Bd5 49. Qd8+ Ke5 50. Qh8+ Kd6 51. Qd8+ Kc5 52. Qc7+
Bc6 53. g3 Rg4+ 0-1